First U.S. Cities You'll See on the Google Map - Easy Version - Statistics

General Stats
  • This quiz has been taken 118 times
  • The average score is 22 of 30
Answer Stats
Scale City % Correct
1:2,000,000 New York
98%
1:2,500,000 Chicago
95%
1:2,500,000 Los Angeles
95%
1:1,333,333 San Francisco
93%
1:2,500,000 Houston
92%
1:1,333,333 Dallas
91%
1:1,333,333 Seattle
87%
1:1,333,333 Phoenix
86%
1:2,000,000 Atlanta
85%
1:2,500,000 Miami
85%
1:1,333,333 Denver
84%
1:2,500,000 San Diego
75%
1:2,500,000 Las Vegas
74%
1:1,333,333 Portland
74%
1:1,333,333 San Antonio
72%
1:1,333,333 Austin
70%
1:1,333,333 Minneapolis
70%
1:1,333,333 St. Louis
70%
1:1,333,333 Tampa
69%
1:1,333,333 Jacksonville
68%
1:1,333,333 Nashville
68%
1:1,333,333 Orlando
68%
1:1,333,333 Salt Lake City
64%
1:1,333,333 Charlotte
61%
1:1,333,333 Indianapolis
59%
1:1,333,333 Columbus
56%
1:1,333,333 Sacramento
54%
1:1,333,333 Albuquerque
48%
1:1,333,333 San Jose
46%
1:1,333,333 Tucson
29%
No matching quizzes found
Score Distribution
Percent of People with Each Score
Percentile by Number Answered
Your Score History
You have not taken this quiz